00806nam a2200253 a 4500001001300000003000900013005001700022008004100039020001000080082001300090100002300103245004600126260004800172300000800220500003500228505003300263650001600296700002300312902000800335942000700343952009300350952009400443999001500537nice12345678IN_TiNIC20260116011426.0050524s1932 laha grp 000 0 urd  ac10000a239bKAM aKamil, Mansoor S K aShaikh Michael Mansoor Kiyon Masihi Huey. aLahorebPunjab Religious Booksociety c1932 a82p aincludes index and biblioraphy2 aBound one Volumes Part 1 & 2 aApologetics1 aKamil, Mansoor S K bSRS cBK 00104070aHMIbHMId2016-04-15g100.00l0o239 KAMp4717r0000-00-00w2026-01-16yARB 00104070aHMIbHMId2016-04-15g100.00l0o239 KAMp10908r0000-00-00w2026-01-16yARB c1421d1421